01318nam a22003497a 4500003000500000005001700005008004100022010001000063011001000073035001000083040000900093082002000102100003700122245004000159250001500199260003700214300002300251490006300274590004100337590004100378590004100419590004100460590004200501650004200543650003700585830007000622901000700692942001000699949008000709999001700789952016200806CHAP20220329133904.0971013s1985 r 00010 d a12294 a13266 a17337 cCHAP a519.54bG5 198500aGibbsons, Jean Dickinson.947871 aNonparametric statistical inference a2 ed. rev. aNew York :bMarcel Dekker,c1985 a408 p.b: gráfs. aMarcel Dekker. Statistics, text books and monographsv; 65 aBATCH-UPDb10c20130109lUCH01h2352 aBATCH-UPDb10c20130110lUCH01h1306 aBATCH-UPDb10c20130410lUCH01h0822 aBATCH-UPDb10c20130914lUCH01h1325 aCONVERSIONb10c20130109lUCH01h130814aEstadística noparamétrica.93826314aInferencia estadística.9580620 aMarcel Dekker. Statistics, text books and monographsv; 65971251 aBK cLIBRO a519.54 G5 1985bBCcLIBROd33724000144143eLIBROgI.132542h69030i17337si c12294d12294 00102ddc4052708GRALaBCbBCcPA_GRALd2019-12-31eI.132542fLIBROl1o519.54 G5 1985p33724000144143r2025-07-02 18:17:06s2025-06-11w2019-12-31yLIBRO